[Event "DEN-chT 1617 55th"]
[White "Christensen, Bo Garner"]
[Black "Baekgaard, Martin"]
[Site "Denmark"]
[Round "8.2"]
[Result "0-1"]
[Date "2017.03.18"]
[WhiteElo "2137"]
[BlackElo "2313"]
[PlyCount "72"]
[EventDate "2016.10.29"]
[EventType "team-tourn"]
[EventRounds "9"]
[EventCountry "DEN"]
[SourceTitle "EXT 2018"]
[Source "ChessBase"]
[SourceDate "2017.10.13"]
[SourceVersion "1"]
[SourceVersionDate "2017.10.13"]
[SourceQuality "1"]
[WhiteTeam "Valby K41"]
[BlackTeam "Nordre"]
[WhiteTeamCountry "DEN"]
[BlackTeamCountry "DEN"]

1. e4 d6 2. Nf3 Nf6 3. Nc3 e5 4. Bc4 Be7 5. h3 0-0 6. d3 c6 7. Bb3 Na6 8. d4 exd4 9. Qxd4 Nc5 10. 0-0 Be6 11. Rd1 Qc8 12. Ng5 Bxb3 13. axb3 h6 14. Nf3 Rd8 15. Nh4 d5 16. Nf5 Qe6 17. Nxe7+ Qxe7 18. e5 Nfe4 19. Ne2 a6 20. f3 Ne6 21. Qe3 N4c5 22. b4 d4 23. Nxd4 Nxd4 24. Rxd4 Ne6 25. Rxd8+ Rxd8 26. c3 Rd1+ 27. Kh2 Qd7 28. f4 Nc7 29. c4 Qf5 30. Ra3 Ne6 31. Rc3 Rd4 32. Qf2 g5 33. g4 Qe4 34. Rf3 Rxc4 35. Bd2 Rc2 36. Kg3 gxf4+ 0-1

[Event "DEN-chT 1617 55th"]
[White "Christensen, Bo Garner"]
[Black "Bejtovic, Jasmin"]
[Site "Denmark"]
[Round "7.5"]
[Result "0-1"]
[Date "2017.02.26"]
[WhiteElo "2137"]
[BlackElo "2368"]
[PlyCount "52"]
[EventDate "2016.10.29"]
[EventType "team-tourn"]
[EventRounds "9"]
[EventCountry "DEN"]
[SourceTitle "EXT 2018"]
[Source "ChessBase"]
[SourceDate "2017.10.13"]
[SourceVersion "1"]
[SourceVersionDate "2017.10.13"]
[SourceQuality "1"]
[WhiteTeam "Valby K41"]
[BlackTeam "Philidor"]
[WhiteTeamCountry "DEN"]
[BlackTeamCountry "DEN"]

1. e4 c5 2. Nf3 Nc6 3. c3 g6 4. d4 cxd4 5. cxd4 Bg7 6. Nc3 d6 7. Bc4 Nf6 8. h3 0-0 9. Qe2 Nd7 10. Be3 a6 11. a4 e5 12. d5 Nd4 13. Qd1 Nxf3+ 14. Qxf3 f5 15. 0-0 f4 16. Bd2 Nf6 17. a5 g5 18. Na4 g4 19. hxg4 Bxg4 20. Qd3 f3 21. Nb6 Rb8 22. Rfe1 Nh5 23. Qe3 Nf4 24. Bf1 Qh4 25. Nc4 Rf6 26. g3 Qh5 0-1

[Event "DEN-chT 1617 55th"]
[White "Christensen, Bo Garner"]
[Black "Nordenbaek, Jan"]
[Site "Denmark"]
[Round "6.2"]
[Result "0-1"]
[Date "2017.01.29"]
[WhiteElo "2137"]
[BlackElo "2170"]
[PlyCount "54"]
[EventDate "2016.10.29"]
[EventType "team-tourn"]
[EventRounds "9"]
[EventCountry "DEN"]
[SourceTitle "EXT 2018"]
[Source "ChessBase"]
[SourceDate "2017.10.13"]
[SourceVersion "1"]
[SourceVersionDate "2017.10.13"]
[SourceQuality "1"]
[WhiteTeam "Valby K41"]
[BlackTeam "Hillerod"]
[WhiteTeamCountry "DEN"]
[BlackTeamCountry "DEN"]

1. e4 c5 2. Nf3 Nc6 3. Nc3 g6 4. Bc4 Bg7 5. 0-0 d6 6. d3 Nf6 7. h3 0-0 8. a4 b6 9. Be3 Bb7 10. Qd2 Nb4 11. Bh6 d5 12. Bxg7 Kxg7 13. exd5 Nbxd5 14. Ne2 Qd6 15. Rae1 Rad8 16. Ng3 Nf4 17. Nh4 e6 18. Re3 Qd4 19. Nf3 Qxb2 20. Kh2 a6 21. Ree1 Bxf3 22. Qxf4 Bd5 23. Bxa6 Qxc2 24. Qe5 Rg8 25. Bb5 Ba8 26. Nh5+ gxh5 27. Qg5+ Kf8 0-1

[Event "DEN-chT 1617 55th"]
[White "Bromann, Thorbjorn"]
[Black "Christensen, Bo Garner"]
[Site "Denmark"]
[Round "1.5"]
[Result "1-0"]
[Date "2016.10.29"]
[WhiteElo "2421"]
[BlackElo "2137"]
[PlyCount "55"]
[EventDate "2016.10.29"]
[EventType "team-tourn"]
[EventRounds "9"]
[EventCountry "DEN"]
[SourceTitle "EXT 2018"]
[Source "ChessBase"]
[SourceDate "2017.10.13"]
[SourceVersion "1"]
[SourceVersionDate "2017.10.13"]
[SourceQuality "1"]
[WhiteTeam "Bronshoj"]
[BlackTeam "Valby K41"]
[WhiteTeamCountry "DEN"]
[BlackTeamCountry "DEN"]

1. b3 c5 2. Bb2 Nc6 3. Nf3 Nf6 4. c4 g6 5. Bxf6 exf6 6. Nc3 f5 7. g3 Bg7 8. Bg2 0-0 9. 0-0 Re8 10. Rc1 a6 11. e3 b5 12. d3 b4 13. Na4 Qa5 14. d4 cxd4 15. exd4 d6 16. Ne5 Nxd4 17. Nc6 Nxc6 18. Bxc6 Be6 19. Bxa8 Rxa8 20. Qxd6 Bf8 21. Qb6 Qe5 22. Rfe1 Qf6 23. Nc5 Qd4 24. Qc6 Bxc5 25. Qxa8+ Kg7 26. Qf3 h6 27. Rcd1 Qf6 28. Qf4 1-0

[Event "Helsingor Xtracon op"]
[White "Christensen, Bo Garner"]
[Black "Taksrud, Vidar"]
[Site "Helsingor"]
[Round "6"]
[Result "1-0"]
[Date "2016.07.27"]
[WhiteElo "2150"]
[BlackElo "1979"]
[PlyCount "61"]
[EventDate "2016.07.23"]
[EventType "swiss"]
[EventRounds "10"]
[EventCountry "DEN"]
[SourceTitle "CBM 173 Extra"]
[Source "ChessBase"]
[SourceDate "2016.08.29"]
[SourceVersion "1"]
[SourceVersionDate "2016.08.29"]
[SourceQuality "1"]

1. e4 d6 2. Nf3 Nf6 3. Nc3 Nbd7 4. Bc4 Ne5 5. Bb3 Bg4 6. Nxe5 dxe5 7. f3 Bh5 8. d3 e6 9. Be3 Bb4 10. Qd2 Qe7 11. 0-0-0 c6 12. Kb1 Nd7 13. g4 Bg6 14. h4 f6 15. h5 Bf7 16. g5 f5 17. g6 Bg8 18. Rdg1 f4 19. Bf2 hxg6 20. hxg6 Rxh1 21. Rxh1 Qf6 22. Rh8 Kf8 23. d4 Qxg6 24. a3 Bxc3 25. Qxc3 Kf7 26. d5 exd5 27. exd5 Ke7 28. Qb4+ c5 29. Qxb7 Rb8 30. Bh4+ Kf8 31. Qxd7 1-0

[Event "Helsingor Xtracon op"]
[White "Edvardsen, Ragnar"]
[Black "Christensen, Bo Garner"]
[Site "Helsingor"]
[Round "3"]
[Result "0-1"]
[Date "2016.07.24"]
[WhiteElo "1924"]
[BlackElo "2150"]
[PlyCount "68"]
[EventDate "2016.07.23"]
[EventType "swiss"]
[EventRounds "10"]
[EventCountry "DEN"]
[SourceTitle "CBM 173 Extra"]
[Source "ChessBase"]
[SourceDate "2016.08.29"]
[SourceVersion "1"]
[SourceVersionDate "2016.08.29"]
[SourceQuality "1"]

1. e4 c5 2. Nf3 d6 3. d4 cxd4 4. Nxd4 Nf6 5. Nc3 a6 6. Bg5 e6 7. f4 Be7 8. Qf3 Qc7 9. 0-0-0 Nbd7 10. g4 b5 11. Bxf6 gxf6 12. Bg2 Bb7 13. Rhe1 Rc8 14. Qe2 0-0 15. h4 Nb6 16. g5 Nc4 17. Rd3 Kh8 18. Bh3 b4 19. Nd1 Qa5 20. Kb1 Rfe8 21. Rg1 f5 22. Nxf5 Bf8 23. Nd4 Bg7 24. Nb3 Qb6 25. Rdg3 a5 26. h5 a4 27. Nc1 Bxe4 28. Nd3 Qd4 29. Nxb4 Nxb2 30. h6 Qxb4 31. hxg7+ Kxg7 32. Nxb2 Rb8 33. Rb3 axb3 34. axb3 Qxb3 0-1

[Event "Prague op-A 15th"]
[White "Christensen, Bo Garner"]
[Black "Plischki, Sebastian"]
[Site "Prague"]
[Round "2"]
[Result "0-1"]
[Date "2016.01.09"]
[WhiteElo "2195"]
[BlackElo "2377"]
[PlyCount "80"]
[EventDate "2016.01.08"]
[EventType "swiss"]
[EventRounds "9"]
[EventCountry "CZE"]
[SourceTitle "CBM 170 Extra"]
[Source "ChessBase"]
[SourceDate "2016.02.25"]
[SourceVersion "1"]
[SourceVersionDate "2016.02.25"]
[SourceQuality "1"]

1. e4 c5 2. Nf3 e6 3. b4 cxb4 4. a3 Nf6 5. Bd3 Nc6 6. Qe2 e5 7. Bc4 Be7 8. axb4 Bxb4 9. c3 Be7 10. d4 d6 11. 0-0 0-0 12. h3 h6 13. Rd1 Qc7 14. Na3 a6 15. Nh4 Na5 16. Ba2 Re8 17. Rd3 Bf8 18. Rg3 exd4 19. Bxh6 Rxe4 20. Qf3 Rxh4 21. Qxf6 Rxh6 22. Qxh6 d5 23. Qg5 Be6 24. cxd4 Qd7 25. Bb1 Nc6 26. Nc2 g6 27. Ba2 Bg7 28. Rd1 Rc8 29. Ne3 Nxd4 30. Nxd5 Bxd5 31. Bxd5 Ne2+ 32. Kh2 Nxg3 33. Qxg3 Qf5 34. f4 b5 35. Bb7 Rb8 36. Bf3 Bh6 37. Rd4 Qf6 38. Re4 Rd8 39. Bg4 Rd4 40. Qc3 Bxf4+ 0-1

[Event "Politiken Cup 37th"]
[White "Rasmussen, Henning Lau"]
[Black "Christensen, Bo Garner"]
[Site "Helsingor"]
[Round "5"]
[Result "0-1"]
[Date "2015.07.28"]
[WhiteElo "1817"]
[BlackElo "2215"]
[PlyCount "69"]
[EventDate "2015.07.25"]
[EventType "swiss"]
[EventRounds "10"]
[EventCountry "DEN"]
[SourceTitle "CBM 167 Extra"]
[Source "ChessBase"]
[SourceDate "2015.09.14"]
[SourceVersion "1"]
[SourceVersionDate "2015.09.14"]
[SourceQuality "1"]

1. Nf3 f5 2. e4 fxe4 3. Ng5 Nf6 4. d3 d5 5. dxe4 h6 6. Nf3 dxe4 7. Qxd8+ Kxd8 8. Ne5 Be6 9. Nc3 g5 10. Ng6 Rg8 11. Nxf8 Rxf8 12. Be3 Nbd7 13. 0-0-0 c6 14. Be2 Kc7 15. h4 Rg8 16. hxg5 hxg5 17. g3 Raf8 18. a3 Bd5 19. b4 e6 20. Na4 b5 21. Nc5 Rf7 22. Nxd7 Nxd7 23. a4 a6 24. a5 c5 25. c3 Kb7 26. Rh5 cxb4 27. cxb4 Ne5 28. Rdh1 Nc6 29. Bc5 Nxa5 30. bxa5 Rc8 31. Rh7 Rxc5+ 32. Kb2 Rcc7 33. Rxf7 Rxf7 34. Rh2 Kc6 35. Kc3 0-1

[Event "Malmo op"]
[White "Hillarp Persson, Tiger"]
[Black "Christensen, Bo Garner"]
[Site "Malmo"]
[Round "1"]
[Result "1-0"]
[Date "2014.12.12"]
[WhiteElo "2544"]
[BlackElo "2168"]
[PlyCount "79"]
[EventDate "2014.12.12"]
[EventType "swiss"]
[EventRounds "7"]
[EventCountry "SWE"]
[SourceTitle "EXT 2016"]
[Source "ChessBase"]
[SourceDate "2015.10.08"]
[SourceVersion "1"]
[SourceVersionDate "2015.10.08"]
[SourceQuality "1"]

1. d4 f5 2. Nc3 d5 3. Bg5 g6 4. e3 Bg7 5. Nce2 h6 6. Bh4 Qd6 7. c3 Nd7 8. Qb3 c5 9. Bg3 e5 10. Nf3 Ne7 11. dxe5 Qc6 12. 0-0-0 g5 13. h4 g4 14. Ne1 a6 15. Nc2 Nxe5 16. Nf4 b5 17. Nh5 Qg6 18. Nxg7+ Qxg7 19. Qa3 b4 20. cxb4 cxb4 21. Qxb4 0-0 22. Qc3 N5c6 23. Qxg7+ Kxg7 24. Nd4 Rd8 25. h5 Nxd4 26. Be5+ Kf7 27. exd4 Nc6 28. Bf4 Kg7 29. Bd3 Bd7 30. a3 a5 31. Rhe1 Re8 32. Kb1 Kf6 33. Bc2 Rxe1 34. Rxe1 Re8 35. Rxe8 Bxe8 36. Ba4 Ke7 37. Bxh6 Nxd4 38. Bg5+ Kf7 39. Bxe8+ Kxe8 40. h6 1-0

[Event "Teplice op 9th"]
[White "Christensen, Bo Garner"]
[Black "Naroditsky, Daniel"]
[Site "Teplice"]
[Round "2"]
[Result "0-1"]
[Date "2014.06.15"]
[WhiteElo "2201"]
[BlackElo "2559"]
[PlyCount "60"]
[EventDate "2014.06.14"]
[EventType "swiss"]
[EventRounds "9"]
[EventCountry "CZE"]
[SourceTitle "CBM 160 Extra"]
[Source "ChessBase"]
[SourceDate "2014.07.01"]
[SourceVersion "1"]
[SourceVersionDate "2014.07.01"]
[SourceQuality "1"]

1. e4 e5 2. Nf3 Nc6 3. Bb5 a6 4. Ba4 Nf6 5. 0-0 Be7 6. Re1 b5 7. Bb3 d6 8. c3 0-0 9. h3 Nb8 10. d3 Bb7 11. Nbd2 Nbd7 12. Nf1 Re8 13. Ng5 d5 14. f4 h6 15. Nf3 Bc5+ 16. Kh1 dxe4 17. Nxe5 Nxe5 18. fxe5 exd3 19. exf6 Qd7 20. Kh2 Qd6+ 21. Ng3 Bf2 22. Rxe8+ Rxe8 23. Bf4 Qxf4 24. Qg4 Bxg3+ 25. Qxg3 Qxg3+ 26. Kxg3 Re2 27. fxg7 Rxg2+ 28. Kh4 c5 29. c4 Rxb2 30. Rg1 bxc4 0-1

[Event "Politiken Cup 35th"]
[White "Bruun, Henrik Emil"]
[Black "Christensen, Bo Garner"]
[Site "Helsingor"]
[Round "8"]
[Result "1-0"]
[Date "2013.08.02"]
[WhiteElo "2078"]
[BlackElo "2256"]
[PlyCount "77"]
[EventDate "2013.07.27"]
[EventType "swiss"]
[EventRounds "10"]
[EventCountry "DEN"]
[SourceTitle "CBM 155 Extra"]
[Source "ChessBase"]
[SourceDate "2013.08.26"]
[SourceVersion "1"]
[SourceVersionDate "2013.08.26"]
[SourceQuality "1"]

1. e4 c5 2. Nf3 d6 3. d4 cxd4 4. Nxd4 Nf6 5. Nc3 a6 6. Be2 e6 7. Be3 b5 8. Bf3 e5 9. Nf5 Be6 10. Bg5 Ra7 11. Bxf6 gxf6 12. Nd5 Nd7 13. 0-0 Nb6 14. Qd3 Nxd5 15. exd5 Bd7 16. Rfe1 Qc8 17. Be4 Rc7 18. Qf3 Bxf5 19. Bxf5 Qb7 20. Rad1 h5 21. b3 Ke7 22. Rd4 Qb6 23. Rh4 Qa5 24. Kf1 Qxa2 25. Rxh5 Rxh5 26. Qxh5 Qb2 27. f4 Qd4 28. fxe5 dxe5 29. Qf3 Kd6 30. Rd1 Qh4 31. Ra1 Ra7 32. Bg4 Qg5 33. Qc3 Qf4+ 34. Bf3 Qd4 35. Qc6+ Ke7 36. Rd1 Qe3 37. d6+ Ke6 38. d7+ Kf5 39. Qe4+ 1-0

[Event "Politiken Cup 35th"]
[White "Merkesvik, Sondre"]
[Black "Christensen, Bo Garner"]
[Site "Helsingor"]
[Round "6"]
[Result "1-0"]
[Date "2013.07.31"]
[WhiteElo "1980"]
[BlackElo "2256"]
[PlyCount "131"]
[EventDate "2013.07.27"]
[EventType "swiss"]
[EventRounds "10"]
[EventCountry "DEN"]
[SourceTitle "CBM 155 Extra"]
[Source "ChessBase"]
[SourceDate "2013.08.26"]
[SourceVersion "1"]
[SourceVersionDate "2013.08.26"]
[SourceQuality "1"]

1. Nf3 f5 2. d4 Nf6 3. c4 g6 4. g3 Bg7 5. Bg2 0-0 6. 0-0 d6 7. d5 Nbd7 8. Nc3 Ne5 9. Qb3 Nfd7 10. Na4 Nxf3+ 11. exf3 a6 12. Re1 Rb8 13. Be3 b5 14. cxb5 Rxb5 15. Qc2 Bb7 16. Nc3 Ra5 17. f4 Qa8 18. Rad1 Nf6 19. Bd4 Re8 20. b4 Rxd5 21. Nxd5 Nxd5 22. Bxg7 Kxg7 23. Qb2+ Kf7 24. h4 e6 25. a3 Re7 26. Qd4 Qe8 27. Re2 Qa8 28. Ree1 h5 29. Rd2 Re8 30. Rc2 Re7 31. Rd2 Re8 32. Kh2 Nf6 33. Bxb7 Qxb7 34. Rc2 Re7 35. Kg1 Qf3 36. Rc3 Qg4 37. Kg2 e5 38. Qc4+ d5 39. f3 Qxf3+ 40. Rxf3 dxc4 41. Rc3 Rd7 42. fxe5 Rd2+ 43. Kg1 Ne4 44. Rxc4 Ke6 45. Rxc7 Kxe5 46. Rc6 Rd3 47. Rxa6 Rxg3+ 48. Kf1 Kf4 49. Re2 Kf3 50. Rh2 f4 51. b5 Ke3 52. Re2+ Kd3 53. Rxe4 Kxe4 54. Kf2 Rb3 55. Ra4+ Kf5 56. Rb4 Rxa3 57. b6 Ra8 58. b7 Rb8 59. Kf3 Ke5 60. Rb2 Kf5 61. Rb5+ Ke6 62. Kxf4 Kf6 63. Rb6+ Kg7 64. Kg5 Kh7 65. Rb2 Kg7 66. Rb3 1-0

[Event "Politiken Cup 35th"]
[White "Christensen, Bo Garner"]
[Black "Sorensen, Dick"]
[Site "Helsingor"]
[Round "5"]
[Result "1-0"]
[Date "2013.07.30"]
[WhiteElo "2256"]
[BlackElo "2000"]
[PlyCount "55"]
[EventDate "2013.07.27"]
[EventType "swiss"]
[EventRounds "10"]
[EventCountry "DEN"]
[SourceTitle "CBM 155 Extra"]
[Source "ChessBase"]
[SourceDate "2013.08.26"]
[SourceVersion "1"]
[SourceVersionDate "2013.08.26"]
[SourceQuality "1"]

1. e4 g6 2. c4 Bg7 3. d4 d6 4. Nc3 Nf6 5. f4 0-0 6. Nf3 c6 7. Be2 a6 8. 0-0 b5 9. e5 Ne8 10. Be3 Nc7 11. d5 cxd5 12. cxd5 Bb7 13. Bb6 Nd7 14. Ba5 Qb8 15. exd6 exd6 16. Rc1 Rc8 17. Ng5 Nf6 18. Bf3 h6 19. Nge4 Qa7+ 20. Kh1 Nxe4 21. Bxe4 Ne8 22. f5 g5 23. f6 Nxf6 24. Rxf6 Bxf6 25. Qf3 Bxc3 26. Rf1 Bg7 27. Qxf7+ Kh8 28. Qg6 1-0

[Event "Odense Andersen op"]
[White "Jensen, Jakob Kamp"]
[Black "Christensen, Bo Garner"]
[Site "Odense"]
[Round "1"]
[Result "0-1"]
[Date "2013.05.08"]
[WhiteElo "1802"]
[BlackElo "2247"]
[PlyCount "42"]
[EventDate "2013.05.08"]
[EventType "swiss"]
[EventRounds "9"]
[EventCountry "DEN"]
[SourceTitle "CBM 154 Extra"]
[Source "ChessBase"]
[SourceDate "2013.06.25"]
[SourceVersion "2"]
[SourceVersionDate "2013.06.25"]
[SourceQuality "1"]

1. Nf3 f5 2. d4 Nf6 3. c4 g6 4. Nc3 Bg7 5. Qc2 Nc6 6. d5 Nb4 7. Qb3 a5 8. Bg5 c6 9. a3 Na6 10. Be3 Ne4 11. Nxe4 fxe4 12. Bb6 Nc7 13. Ng5 a4 14. Qg3 d6 15. Nxh7 Bf5 16. Ng5 Be5 17. Qe3 cxd5 18. cxd5 Nxd5 19. Bxd8 Nxe3 20. fxe3 Rxd8 21. Rb1 d5 0-1

[Event "DEN-chT 1213"]
[White "Ochsner, Thomas"]
[Black "Christensen, Bo Garner"]
[Site "Denmark"]
[Round "4.7"]
[Result "0-1"]
[Date "2013.01.12"]
[WhiteElo "2317"]
[BlackElo "2243"]
[PlyCount "90"]
[EventDate "2012.10.27"]
[EventType "team-tourn"]
[EventRounds "9"]
[EventCountry "DEN"]
[SourceTitle "EXT 2014"]
[Source "ChessBase"]
[SourceDate "2013.11.20"]
[SourceVersion "1"]
[SourceVersionDate "2013.11.20"]
[SourceQuality "1"]
[WhiteTeam "Aarhus/Skolerne"]
[BlackTeam "Valby K41"]
[WhiteTeamCountry "DEN"]
[BlackTeamCountry "DEN"]

1. e4 c5 2. Nf3 d6 3. c3 Nf6 4. Bd3 Nc6 5. Bc2 Bg4 6. d3 e6 7. Nbd2 Be7 8. h3 Bh5 9. Nf1 d5 10. Ng3 Bg6 11. Qe2 Qb6 12. 0-0 0-0-0 13. Re1 dxe4 14. dxe4 Nh5 15. Nf1 Qc7 16. a3 Nf4 17. Qe3 e5 18. b4 f6 19. Bb2 Bf7 20. Rad1 Kb8 21. Ng3 g6 22. Ne2 cxb4 23. axb4 Nxb4 24. cxb4 Qxc2 25. Ra1 b6 26. Nxe5 Nxe2+ 27. Rxe2 Rd1+ 28. Rxd1 Qxd1+ 29. Re1 Qc2 30. Nxf7 Rf8 31. Qf4+ Ka8 32. Bd4 Rxf7 33. Rc1 Bd6 34. Rxc2 Bxf4 35. Rc6 Rd7 36. Rxf6 Bb8 37. f4 Rxd4 38. e5 Rxb4 39. e6 Re4 40. Kf2 Bd6 41. Kf3 Re1 42. Kf2 Bb4 43. g4 a5 44. f5 gxf5 45. gxf5 a4 0-1

[Event "Copenhagen Obro New Year op"]
[White "Kokholm, Daniel"]
[Black "Christensen, Bo Garner"]
[Site "Copenhagen"]
[Round "1"]
[Result "0-1"]
[Date "2012.12.27"]
[WhiteElo "1930"]
[BlackElo "2255"]
[PlyCount "76"]
[EventDate "2012.12.27"]
[EventType "swiss"]
[EventRounds "7"]
[EventCountry "DEN"]
[SourceTitle "CBM 152 Extra"]
[Source "ChessBase"]
[SourceDate "2013.02.25"]
[SourceVersion "1"]
[SourceVersionDate "2013.02.25"]
[SourceQuality "1"]

1. d4 Nf6 2. Nc3 c5 3. d5 g6 4. e4 d6 5. Nf3 Bg7 6. Be2 0-0 7. h3 Na6 8. 0-0 Nc7 9. a4 b6 10. Nd2 a6 11. f4 Rb8 12. Qe1 b5 13. Bf3 bxa4 14. Nc4 Nb5 15. Nxa4 Nd4 16. Bd1 Bd7 17. e5 Nxd5 18. c3 Bb5 19. b3 Ne6 20. f5 gxf5 21. Rxf5 Ndc7 22. Bc2 Bxc4 23. bxc4 dxe5 24. Qh4 Nd4 25. cxd4 Qxd4+ 26. Qxd4 cxd4 27. Nc5 Rfd8 28. Ra3 e6 29. Rh5 f5 30. Rg3 Kh8 31. Bg5 e4 32. Bxd8 Rxd8 33. Bxe4 fxe4 34. Nxe4 d3 35. Rhg5 Ne8 36. c5 d2 37. Nxd2 Rxd2 38. Rc3 Bxc3 0-1

[Event "Odense Andersen op"]
[White "Christensen, Bo Garner"]
[Black "Hagen, Andreas Skytte"]
[Site "Odense"]
[Round "4"]
[Result "0-1"]
[Date "2012.05.18"]
[WhiteElo "2251"]
[BlackElo "2445"]
[PlyCount "68"]
[EventDate "2012.05.16"]
[EventType "swiss"]
[EventRounds "9"]
[EventCountry "DEN"]
[SourceTitle "CBM 148 Extra"]
[Source "ChessBase"]
[SourceDate "2012.06.22"]
[SourceVersion "1"]
[SourceVersionDate "2012.06.22"]
[SourceQuality "1"]

1. d4 d5 2. Nf3 Nf6 3. Bf4 c5 4. e3 Nc6 5. h3 Qb6 6. Nc3 a6 7. Na4 Qa5+ 8. c3 c4 9. b4 Qd8 10. g4 e6 11. Bg2 Be7 12. Rb1 h5 13. Ne5 hxg4 14. hxg4 Rxh1+ 15. Bxh1 Nd7 16. Nxc6 bxc6 17. Qc2 Bg5 18. Qh7 Bxf4 19. exf4 Qf6 20. g5 Qxf4 21. Qxg7 Nf8 22. Ke2 Bd7 23. Nc5 0-0-0 24. Bf3 e5 25. Qf6 Qxf6 26. gxf6 exd4 27. cxd4 Ne6 28. Nxe6 Re8 29. Bg4 Bxe6 30. Bxe6+ Rxe6+ 31. Kf1 Rxf6 32. a4 Rf3 33. b5 axb5 34. axb5 Rb3 0-1

[Event "Odense Andersen op"]
[White "Christensen, Bo Garner"]
[Black "Stolberg Rohr, Thomine"]
[Site "Odense"]
[Round "3"]
[Result "1-0"]
[Date "2012.05.17"]
[WhiteElo "2251"]
[BlackElo "1985"]
[PlyCount "55"]
[EventDate "2012.05.16"]
[EventType "swiss"]
[EventRounds "9"]
[EventCountry "DEN"]
[SourceTitle "CBM 148 Extra"]
[Source "ChessBase"]
[SourceDate "2012.06.22"]
[SourceVersion "1"]
[SourceVersionDate "2012.06.22"]
[SourceQuality "1"]

1. e4 g6 2. d4 Bg7 3. Nc3 d6 4. f4 a6 5. Nf3 b5 6. Be3 Bb7 7. Bd3 Nd7 8. 0-0 c5 9. e5 c4 10. Be4 Bxe4 11. Nxe4 d5 12. Neg5 e6 13. f5 gxf5 14. Nxf7 Kxf7 15. Ng5+ Ke7 16. Qh5 Qe8 17. Qh4 Qg6 18. g4 Ke8 19. Nxe6 Qxe6 20. gxf5 Qf7 21. Rae1 Bf8 22. Kh1 Be7 23. f6 Qg6 24. Bd2 Bd8 25. Qh3 Ne7 26. f7+ Qxf7 27. Rxf7 Kxf7 28. Qxd7 1-0

[Event "DEN-chT 1112 50th"]
[White "Christensen, Bo Garner"]
[Black "Lowenstein, Nicolai"]
[Site "Denmark"]
[Round "5.6"]
[Result "1-0"]
[Date "2012.01.15"]
[WhiteElo "2277"]
[BlackElo "2193"]
[PlyCount "59"]
[EventDate "2011.10.29"]
[EventType "team-tourn"]
[EventRounds "9"]
[EventCountry "DEN"]
[SourceTitle "EXT 2013"]
[Source "ChessBase"]
[SourceDate "2012.11.22"]
[SourceVersion "1"]
[SourceVersionDate "2012.11.22"]
[SourceQuality "1"]
[WhiteTeam "Valby K41"]
[BlackTeam "Nordea"]
[WhiteTeamCountry "DEN"]
[BlackTeamCountry "DEN"]

1. e4 e6 2. Nf3 d5 3. e5 c5 4. b4 d4 5. bxc5 Bxc5 6. Bd3 Nc6 7. 0-0 Nge7 8. Re1 Nb4 9. Be4 Nf5 10. Ba3 0-0 11. c3 dxc3 12. Nxc3 Qa5 13. Qa4 Qxa4 14. Nxa4 Be7 15. g4 Bd7 16. Rab1 Nd5 17. Nc5 Bxc5 18. Bxc5 Rfc8 19. Rxb7 Rxc5 20. Rxd7 Nh6 21. h3 a5 22. Rb1 Rf8 23. Rbb7 Nf4 24. Kh2 g6 25. d4 Rc3 26. Ng5 Rfc8 27. f3 Rf8 28. Rb2 a4 29. Kg3 Nd3 30. Rbb7 1-0

[Event "Copenhagen-ch Obro 75th"]
[White "Carstensen, Jacob"]
[Black "Christensen, Bo Garner"]
[Site "Copenhagen"]
[Round "9"]
[Result "0-1"]
[Date "2011.10.22"]
[WhiteElo "2372"]
[BlackElo "2277"]
[PlyCount "92"]
[EventDate "2011.10.14"]
[EventType "swiss"]
[EventRounds "9"]
[EventCountry "DEN"]
[SourceTitle "EXT 2018"]
[Source "ChessBase"]
[SourceDate "2017.10.13"]
[SourceVersion "1"]
[SourceVersionDate "2017.10.13"]
[SourceQuality "1"]

1. d4 Nf6 2. c4 g6 3. Nc3 Bg7 4. e4 d6 5. f3 0-0 6. Be3 e5 7. d5 Nh5 8. Qd2 Qh4+ 9. g3 Nxg3 10. Qf2 Nxf1 11. Qxh4 Nxe3 12. Qf2 Nxc4 13. h4 Bd7 14. b3 Nb6 15. h5 a5 16. Nh3 Na6 17. Ke2 a4 18. Qh4 axb3 19. axb3 Nc5 20. Rxa8 Rxa8 21. Rb1 f6 22. h6 Bf8 23. Nf2 Kf7 24. Nd3 Nxd3 25. Kxd3 Be7 26. Qh2 c6 27. Qf2 Bd8 28. Na4 Nxd5 29. Rd1 Nf4+ 30. Kc3 d5 31. Kb2 d4 32. Rxd4 exd4 33. Qxd4 Be6 34. Qd6 g5 35. Nc5 Be7 36. Qc7 b5 37. Nxe6 Nxe6 38. Qxc6 Rb8 39. Qd5 b4 40. Qf5 Nf8 41. f4 gxf4 42. Qd5+ Ke8 43. Qc6+ Nd7 44. Kc2 Rd8 45. Kd3 Kf8 46. Ke2 f3+ 0-1